Trayectorias cruzadas : catolicismos y política en la América Latina contemporánea /

Detalles Bibliográficos
Otros Autores: Meza, Diego (Editor), Ciurlo, Alessandra (Editor)
Formato: Electrónico eBook
Lenguaje:español
francés
Publicado: Bogotá : Editorial Pontificia Universidad Javeriana, [2025]
Edición:Primera edición.
Materias:
Acceso en línea:Digitalia Hispánica

MARC

LEADER 00000nam a2200000Ii 4500
001 DIGEPUJ0530
003 NyNyDIG
006 m o d
007 cr |||||||||||
008 260205s2025 ck ob 000 0 spa d
035 |a (OCoLC)1551450037 
040 |a DGITA  |b eng  |e rda  |e pn  |c DGITA 
020 |a 9786285020759  |q (digital) 
024 7 |a https://doi.org/10.11144/Javeriana.9786285020759   |2 doi 
041 0 |a spa  |a fre 
043 |a cl----- 
050 1 4 |a BX1426.2 ebook 
245 0 0 |a Trayectorias cruzadas :  |b catolicismos y política en la América Latina contemporánea /  |c Diego Meza, Alessandra Ciurlo, editores académicos. 
246 3 0 |a Catolicismos y política en la América Latina contemporánea 
250 |a Primera edición. 
264 1 |a Bogotá :  |b Editorial Pontificia Universidad Javeriana,  |c [2025] 
300 |a 1 online resource. 
336 |a text  |b txt  |2 rdacontent 
337 |a computer  |b c  |2 rdamedia 
338 |a online resource  |b cr  |2 rdacarrier 
347 |a text file  |2 rdaft 
347 |b PDF 
504 |a Includes bibliographical references. 
546 |a Text in Spanish and French. 
588 0 |a Online resource; title from PDF title page (Digitalia, viewed February 5, 2026) 
610 2 0 |a Catholic Church  |x History  |z Latin America. 
650 0 |a Religion and politics  |z Latin America. 
651 0 |a Latin America  |x Church history. 
700 1 |a Meza, Diego,  |e editor. 
700 1 |a Ciurlo, Alessandra,  |e editor. 
791 2 |a Digitalia (Firm),  |e distributor. 
793 0 |g Digitalia eBook Collection:  |a Pontificia Universidad Javeriana 
856 4 0 |3 Digitalia Hispánica  |u https://www.digitaliapublishing.com/a/183391/ 
910 |a Premium collection: 2026